000 01502nam a2200373Ia 4500
001 ebr10614392
003 CaPaEBR
006 m u
007 cr cn|||||||||
008 120316s2012 mau sb 101 0 eng d
010 _z 2012008329
020 _z0674066499
020 _z9780674066496
020 _z9780674067400
040 _aCaPaEBR
_cCaPaEBR
035 _a(OCoLC)816110086
050 1 4 _aCB311
_b.A885 2012eb
082 0 4 _a930
_223
245 0 4 _aThe Axial Age and its consequences
_h[electronic resource] /
_cedited by Robert N. Bellah and Hans Joas.
260 _aCambridge, Mass. :
_bBelknap Press of Harvard University Press,
_c2012.
300 _aix, 548 p.
500 _aRev. papers delivered at a conference held July 3-5, 2008 at the University of Erfurt.
504 _aIncludes bibliographical references and index.
533 _aElectronic reproduction.
_bPalo Alto, Calif. :
_cebrary,
_d2011.
_nAvailable via World Wide Web.
_nAccess may be limited to ebrary affiliated libraries.
650 0 _aCivilization, Ancient
_vCongresses.
650 0 _aComparative civilization
_vCongresses.
650 0 _aPhilosophy, Comparative
_vCongresses.
650 0 _aReligions
_vCongresses.
655 7 _aElectronic books.
_2local
700 1 _aBellah, Robert Neelly,
_d1927-
700 1 _aJoas, Hans,
_d1948-
710 2 _aebrary, Inc.
856 4 0 _uhttp://site.ebrary.com/lib/rucke/Doc?id=10614392
_zAn electronic book accessible through the World Wide Web; click to view
999 _c100215
_d100215